000
00288nam a22001217a 4500
020
_a
9788126551491
082
_a
664.
_b
CUL/FO
245
_a
Food Mixing: Principles and Applications
260
_a
New Delhi
_b
Wiley India
_c
2014
300
_a
292
700
_a
Cullen,P J.
_9
820
942
_c
BK
999
_c
14481
_d
14481